00556 2200193 4500001002100000005001500021035002000036245012200056100002600178250000600204300003200210700001800242260003500260082001000295084001600305020000600321600001800327990001700345INLIS00000000000149720230224034713 a0010-02230000021 aKumpulan Cerita Rakyat Nusantara :bDongeng-Legenda-Fabel-Mitos-Epos /cYudhistira Ikranegara ; Editor, MB. Rahimsyah0 aYudhistira Ikranegara a- a127 hlm. :bilus. ;c25 cm.0 aMB. Rahimsyah a[ s.i ] :bDua Media,c[ s.a ] a398.2 a398.2 YUD k a- 4aCerita Rakyat a04994/H/2023